| 000 -LEADER |
| fixed length control field |
00731nam a2200241 a 4500 |
| 007 - PHYSICAL DESCRIPTION FIXED FIELD--GENERAL INFORMATION |
| fixed length control field |
ta |
| 008 - FIXED-LENGTH DATA ELEMENTS--GENERAL INFORMATION |
| fixed length control field |
200117t2000 xxuad||g |||| 00| 0 eng d |
| 020 ## - INTERNATIONAL STANDARD BOOK NUMBER |
| International Standard Book Number |
9780821347348 |
| 040 ## - CATALOGING SOURCE |
| Original cataloging agency |
IMU Kochi Library |
| Language of cataloging |
eng |
| 041 0# - LANGUAGE CODE |
| Language code of text/sound track or separate title |
eng |
| 044 ## - COUNTRY OF PUBLISHING/PRODUCING ENTITY CODE |
| MARC country code |
United States |
| 082 04 - DEWEY DECIMAL CLASSIFICATION NUMBER |
| Edition number |
23 |
| Classification number |
338.47665730951 |
| Item number |
G442 |
| 245 10 - TITLE STATEMENT |
| Title |
Liquefied Natural Gas in China : |
| Sub Title |
Options For Markets, Institutions, and Finance / |
| 260 ## - PUBLICATION, DISTRIBUTION, ETC. (IMPRINT) |
| Place of publication, distribution, etc |
Washington , D. C. : |
| Name of publisher, distributor, etc |
The World Bank , |
| Date of publication, distribution, etc |
2000 . |
| 300 ## - PHYSICAL DESCRIPTION |
| Extent |
xviii , 75 p. : |
| Other physical details |
ill., Charts. ; |
| Dimensions |
28 cm . |
| 650 #0 - SUBJECT ADDED ENTRY--TOPICAL TERM |
| Topical term or geographic name as entry element |
Liquefied natural gas |
| General subdivision |
China |
| Form subdivision |
Textbooks |
| 700 ## - ADDED ENTRY--PERSONAL NAME |
| Personal name |
Girdis, Dean |
| Relator term |
Joint Author |
| 700 ## - ADDED ENTRY--PERSONAL NAME |
| Personal name |
Tavoulareas, Stratos |
| Relator term |
Joint Author |
| 700 ## - ADDED ENTRY--PERSONAL NAME |
| Personal name |
Tomkins, Ray |
| Relator term |
Joint Author |
| 852 ## - LOCATION/CALL NUMBER |
| Location |
IMU Kochi Library |
| 904 ## - LOCAL DATA ELEMENT D, LDD (RLIN) |
| CATALOGER |
Reshma Rajesh |
| 942 ## - ADDED ENTRY ELEMENTS (KOHA) |
| Item type |
Reference book |